|
|
|
|
| LEADER |
01460nam a2200421Ia 4500 |
| 001 |
EBC350223 |
| 003 |
MiAaPQ |
| 005 |
20200520144314.0 |
| 006 |
m o d | |
| 007 |
cr cn||||||||| |
| 008 |
070823s2009 nyua sb 001 0 eng d |
| 010 |
|
|
|z 2007034264
|
| 020 |
|
|
|z 0789034190 (hard 13 : alk. paper)
|
| 020 |
|
|
|z 0789034204 (soft)
|
| 020 |
|
|
|z 9780789034199 (hard 13 : alk. paper)
|
| 020 |
|
|
|z 9780789034205 (soft)
|
| 035 |
|
|
|a (MiAaPQ)EBC350223
|
| 035 |
|
|
|a (Au-PeEL)EBL350223
|
| 035 |
|
|
|a (CaPaEBR)ebr10258340
|
| 035 |
|
|
|a (CaONFJC)MIL170710
|
| 035 |
|
|
|a (OCoLC)465649446
|
| 040 |
|
|
|a MiAaPQ
|c MiAaPQ
|d MiAaPQ
|
| 050 |
|
4 |
|a HF1414.4
|b .S49 2009
|
| 082 |
0 |
4 |
|a 382
|2 22
|
| 100 |
1 |
|
|a Seyoum, Belay,
|d 1953-
|
| 245 |
1 |
0 |
|a Export-import theory, practices, and procedures
|h [electronic resource] /
|c Belay Seyoum.
|
| 250 |
|
|
|a 2nd ed.
|
| 260 |
|
|
|a New York :
|b Routledge,
|c 2009.
|
| 300 |
|
|
|a xvii, 677 p. :
|b ill.
|
| 504 |
|
|
|a Includes bibliographical references (p. 627-648) and index.
|
| 533 |
|
|
|a Electronic reproduction. Ann Arbor, MI : ProQuest, 2015. Available via World Wide Web. Access may be limited to ProQuest affiliated libraries.
|
| 650 |
|
0 |
|a Export marketing.
|
| 650 |
|
0 |
|a Exports.
|
| 650 |
|
0 |
|a Imports.
|
| 650 |
|
0 |
|a International trade.
|
| 655 |
|
4 |
|a Electronic books.
|
| 710 |
2 |
|
|a ProQuest (Firm)
|
| 856 |
4 |
0 |
|u https://ebookcentral.proquest.com/lib/matrademy/detail.action?docID=350223
|z Click to View
|